| 000 | 01105nam0a22002771 4500 | ||
|---|---|---|---|
| 001 | rc\4396134 | ||
| 005 | 20260407124937.0 | ||
| 021 |
_aRU _b[59-42937] |
||
| 035 | _a(NLR Aleph) 008556320 | ||
| 090 |
_a8437968 _c8437968 |
||
| 100 | _a20130416d1959 |||y0rusy50 ca | ||
| 101 | 0 | _arus | |
| 102 | _aRU | ||
| 105 | _aa z ||||| | ||
| 200 | 1 |
_aДень здоровья _e[Сборник статей _fОбщая ред. А.С. Демьянова] _gТул. обл. отд. здравоохранения. Обл. дом сан. просвещения |
|
| 205 | _a2-е изд., перераб. и доп. | ||
| 210 |
_aТула _cКн. изд-во _d1959 |
||
| 215 |
_a151 с. _cил. _d20 |
||
| 606 |
_aСанитарно-оздоровительная работа _yТульская область _2psbo |
||
| 702 | 1 |
_aДемьянов _bА.С. _4340 |
|
| 712 | 0 | 2 |
_aТульский областной дом санитарного просвещения _3RU\NLR\AUTH\8810074643 _9651235 |
| 801 | 0 |
_aRU _bNLR _gpsbo |
|
| 801 | 1 |
_aRU _bELAR _2rusmarc |
|
| 852 |
_aNLR _j59-3/3618 |
||
| 942 | _cBOOK | ||
| 980 | _aNB | ||